00594nam a22001932 4500001001100000005001700011008004100028020001700069040001500086245007700101250001300178260003500191300001700226650004200243650003500285650004000320700003700360852000300397000002432620151217152259.0130712s xx 000 0 eng d a0801653126 : aKABUcKABU10aNursing care of the critically ill child /c[editor] Mary Fran Hazinski. a2nd ed. aSt. Louis, MI :bMosby,c1992. axx, 1127 p. 0aPediatric intensive care.@0000180525 0aPediatric nursing.@0000179544 0aIntensive care nursing.@00001836511 aHazinski, Mary Fran.@00001326811